50 grandes ideas e inventos de Leonardo Da Vinci /

Guardat en:
Dades bibliogràfiques
Autor principal: Wallace,Marina (autor)
Altres autors: Kemp, Martin (prólogo) (prólogo), Rodríguez Arias, Alfonso (traducción) (traducción), Ames-Lewis, Francis (colaboración) (colaboración)
Format: Llibre
Idioma:espanyol
Publicat: Barcelona, España : Blume, 2014, c2014
Col·lecció:(Guía Breve)
Matèries:
Etiquetes: Afegir etiqueta
Sense etiquetes, Sigues el primer a etiquetar aquest registre!

MARC

LEADER 00000nam^a2200000^a^4500
001 000554093
005 20250521000000.0
009 20260526152612.383
020 |a 978-84-9801-757-1 
037 |a Acervo ITESO - Biblioteca 
041 |a ESP 
082 |a 709. 4505  |b VIN WAL 
100 |a Wallace,Marina  |e (autor) 
245 1 0 |a 50 grandes ideas e inventos de Leonardo Da Vinci /  |c Ed. e introd. de M. Wallace ; colaboración de F. Ames-Lewis... [et al.] ; texto de François Gaignet ; pról. de M. Kemp ; il. de Ivan Hissey ; tr. por A. Rodríguez Arias. 
264 4 |a Barcelona, España :  |b Blume,  |c 2014, c2014 
300 |a 160 p. 
336 |a texto  |b txt  |2 rdacontenido 
337 |a sin mediación  |b n  |2 rdamedio 
338 |a volumen  |b nc  |2 rdasoporte 
440 1 |a (Guía Breve) 
500 |a Traducción de: 30-Second Leonardo Da Vinci 
545 0 |a Leonardo da Vinci (1452-1519) es, con Miguel Angel, la figura máxima del Renacimiento no sólo italiano, sino en general. Formado en los talleres del Verrocchio y Pollaiuolo, pronto se independizó y comenzó a crear verdaderas obras maestras del arte, entre las que se encuentra "La mona lisa" o "Gioconda", que es, probablemente, la pintura más famosa del mundo. Reconocido también por sus conocimientos de anatomía, aeronáutica, ingeniería militar y muchos otros campos, como artista fue un gran innovador, interesado tanto en experimentar con nuevas técnicas del óleo, como en hacer -por ejemplo- numerosos estudios para perfeccionar la caída de los pliegues de la ropa de los personajes de sus cuadros. Desarrolló gran parte de su obra bajo el mecenazgo de Ludovico Sforza, en Milán, hasta la caída de la dinastía Sforza en 1499. Un año después se trasladó a Florencia, donde recibió el encargo, junto con Miguel Angel, de crear dos gigantescos murales para la Cámara del Consejo de la República, conmemorativos de las victorias florentinas; ninguno de los dos murales fue terminado. Además de la Gioconda dejó al mundo obras tan hermosas como La adoración de los magos, la Virgen de las rocas o Dama con un armiño. 
649 |a XX 
650 |a Pintores Italianos 
650 |a Artistas Italianos 
650 |a Científicos Italianos 
650 |a Descubrimientos Científicos -  |z Italia -  |x Historia -  |y Renacimiento, 1402-1559 
650 |a Inventos -  |z Italia -  |x Historia -  |y Renacimiento, 1402-1559 -  |x Tema Principal 
650 |a Ciencia -  |z Italia -  |x Historia -  |y Renacimiento, 1402-1559 
650 |a Dibujo -  |z Italia -  |x Historia y Crítica 
650 |a Grabado -  |z Italia -  |x Historia y Crítica 
650 |a Arte Renacentista -  |x Historia y Crítica 
650 |a Arte Italiano -  |x Historia y Crítica 
650 |a Vinci, Leonardo da -  |x Tema Principal 
700 |a Kemp, Martin  |e (prólogo) 
700 |a Rodríguez Arias, Alfonso  |e (traducción) 
700 |a Ames-Lewis, Francis  |e (colaboración) 
910 |a Fondo General 
920 |a Impresos - Libros 
930 |a Reserva Especial 
905 |a 103 
901 |a 0500395783  |b IT1  |c REE  |i C145134  |u 20250521 
902 |a https://opac.biblio.iteso.mx/vufind/Record/000554093